Normal view
MARC view
Entry Topical Term
001 - CONTROL NUMBER
- control field: 772477
003 - CONTROL NUMBER IDENTIFIER
- control field:
005 - DATE AND TIME OF LATEST TRANSACTION
- control field: 20210627053441.0
008 - FIXED-LENGTH DATA ELEMENTS
- fixed length control field: 210627|| aca||aabn | a|a d
040 ## - CATALOGING SOURCE
- Original cataloging agency:
- Transcribing agency:
150 ## - HEADING--TOPICAL TERM
- Topical term or geographic name entry element: Coal mine waste
- Geographic subdivision: Missouri
670 ## - SOURCE DATA FOUND
- Source citation: Work cat.: ()653274: Blevins, Dale W. 772475, Sources of coal-mine drainage and their effects on surface-water chemistry in the Claybank Creek Basin and vicinity, north-central Missouri, 1983-84 /, 1989
